| 000 | 00974nam a2200277 i 4500 | ||
|---|---|---|---|
| 001 | 185491 | ||
| 003 | SpMaBN | ||
| 005 | 20260303141311.0 | ||
| 008 | 160613s2000 sp |||| | spa d | ||
| 020 | _a84-7822-306-1 | ||
| 080 | _a1(081) Marquard, Odo | ||
| 080 | _a165.72 | ||
| 100 | 1 |
_aMarquard, Odo ( _d1928-2015) _9159829 |
|
| 245 | 1 | 0 |
_aAdiós a los principios _b: estudios filosóficos / _cOdo Marquard ; traducción del alemán y notas por Enrique Ocaña. |
| 260 |
_aValencia : _bInstitució Alfons El Magnànim, _c2000. |
||
| 300 |
_a155 p. ; _c19 cm. |
||
| 490 | 1 |
_aNovatores ; _v15 |
|
| 504 | _aReferencias bibliográficas. | ||
| 650 | 0 | 4 |
_aFilosofía- _yS.XX. _912826 |
| 650 | 0 | 7 |
_aEscepticismo _2embne _912353 |
| 700 | 1 |
_aOcaña, Enrique, _d1965- _986456 |
|
| 710 | 2 |
_aInstitució Alfons el Magnànim _9173001 |
|
| 830 | 0 |
_aNovatores ; _v15 _9183017 |
|
| 852 |
_aES-MaACL _jL-30379 _z. - Donat. Miguel A. Velasco |
||
| 999 |
_c185491 _d185491 |
||